Statistics for Top 20 World's Biggest Public Companies

Click here to take the quiz!

General Stats

  • This quiz has been taken 31 times
  • The average score is 6 of 20

Answer Stats

RankCountryAnswer% Correct
9United StatesApple
79%
19United StatesMicrosoft
71%
15South KoreaSamsung Electronics
71%
20NetherlandsRoyal Dutch Shell
54%
10JapanToyota Motor
54%
17United StatesWal-mart Stores
54%
13United StatesExxonMobil
32%
7United StatesBank of America
25%
14United StatesGeneral Electric
21%
11United StatesAT&T
18%
8ChinaBank of China
18%
5United StatesWells Fargo
18%
4United StatesJPMorgan Chase
14%
12United StatesCitigroup
11%
3United StatesBerkshire Hathaway
7%
2ChinaChina Construction Bank
7%
18United StatesVerizon Communications
7%
6ChinaAgricultural Bank of China
4%
1ChinaICBC
4%
16ChinaPing An Insurance Group
4%

Score Distribution

Percentile by Number Answered

Percent of People with Each Score

Your Score History

You have not taken this quiz